Statistics for Hills Football League SA Teams

Click here to take the quiz!

General Stats

  • This quiz has been taken 4 times
  • The average score is 11 of 18

Answer Stats

Answer% Correct
Blackwood
100%
Birdwood
75%
Bridgewater Callington
75%
Hahndorf
75%
Kangarilla
75%
Macclesfield
75%
Meadows
75%
Mount Barker
75%
Nairne Bremer
75%
Torrens Valley
75%
Ironbank
50%
Kersbrook
50%
Mount Lofty
50%
Uraidla Districts
50%
Echunga
25%
Gumeracha
25%
Milang
25%
Onkaparinga Valley
25%

Score Distribution

Percentile by Number Answered

Percent of People with Each Score

Your Score History

You have not taken this quiz